| 000 | | | 04378nac2a22003013x 450 |
| 001 | | | 81a1f0f3-d9a9-4106-963c-355c5b6e1432 |
| 005 | | | 20230720020500.0 |
| 100 | ## | $a | 20230613l19291929k y0rusy50 ca |
| 101 | 0# | $a | rus |
| | $a | mul |
| 102 | ## | $a | RU |
| 105 | ## | $a | y z ||||| |
| 122 | 2# | $a | d19290812 |
| | $a | d19291224 |
| 200 | 1# | $a | XXV Пленум Верхсуда Союза ССР. /Общее дело/ |
| | $j | 12.08.1929 - 24.12.1929 |
| 215 | ## | $a | 27 листов |
| | $d | 35,8 х 24,2 |
| 251 | ## | $c | Дело |
| 300 | ## | $a | Часть текста на языках народов СССР |
| 300 | ## | $a | В деле обратная нумерация |
| 300 | ## | $a | Заголовок дела на папке: XXV Пленум Верхсуда Союза ССР. (Общее дело) |
| 300 | ## | $a | Часть текста машинописная и рукописная, часть - напечатана типографским способом |
| 324 | ## | $a | В деле имеются копии отдельных документов |
| 461 | #0 | $1 | 001796d4672-8a00-4986-b488-6e42273792cc |
| | $1 | 2001 |
| | $a | ЦЕНТРАЛЬНЫЙ ИСПОЛНИТЕЛЬНЫЙ КОМИТЕТ СССР (ЦИК СССР). |
| | $1 | 251 |
| | $c | Фонд |
| | $1 | 852 |
| | $g | Р |
| | $j | 3316 |
| 462 | #0 | $1 | 0016e6e8ba4-e15f-4ad4-8937-f1e88c150bfe |
| | $1 | 2001 |
| | $a | Дела Секретариата Президиума ЦИК Союза ССР. 1929 г. |
| | $v | Д. 299 |
| | $1 | 251 |
| | $c | Опись |
| | $1 | 852 |
| | $j | 22 |
| 517 | 1# | $a | XXV Пленум Верхсуда Союза ССР. (Общее дело) |
| 601 | 01 | $3 | RU\NLR\AUTH\880357276 |
| | $a | СССР |
| | $b | ЦИК |
| 601 | 01 | $3 | RU\NLR\AUTH\8810128441 |
| | $a | СССР |
| | $b | Верховный Суд |
| | $b | Пленум |
| 801 | #0 | $a | RU |
| | $b | GA_RF |
| 801 | #1 | $a | RU |
| | $b | ГлавНИВЦ |
| | $c | 20230613 |
| | $2 | rusmarc |
| 801 | #2 | $a | RU |
| | $b | ПБ им. Б.Н. Ельцина |
| | $c | 20230720 |
| | $g | RCR |
| | $2 | rusmarc |
| 852 | ## | $a | ГА РФ |
| | $j | 299 |
| 937 | ## | $d | 186688904 |
| | $h | ГАРФ |
| 035 | ## | $a | RuPRLIB51072661 |
| 856 | ## | $u | http://readingroom.main.prlib.ru/item.aspx?id_node=n186688904&mode=full |